Indian youth demographics and readership : (Record no. 49736)

MARC details
000 -LEADER
fixed length control field 00782nam a22002057a 4500
005 - DATE AND TIME OF LATEST TRANSACTION
control field 20110104142626.0
008 - FIXED-LENGTH DATA ELEMENTS--GENERAL INFORMATION
fixed length control field 110104t xxu||||| |||| 00| 0 eng d
010 ## - LCCN (DPL NO)
LC control number ENG-101886
020 ## - INTERNATIONAL STANDARD BOOK NUMBER
International Standard Book Number 9788123758541
Terms of availability 550.00
035 ## - SYSTEM CONTROL NUMBER
System control number EN-85419
037 ## - SOURCE OF ACQUISITION
Source of stock number/acquisition DBAD/PUB
040 ## - CATALOGING SOURCE
Original cataloging agency dpl
Language of cataloging Eng
100 ## - MAIN ENTRY--PERSONAL NAME
Personal name Shukla,Rajesh
9 (RLIN) 25184
245 ## - TITLE STATEMENT
Title Indian youth demographics and readership :
Statement of responsibility, etc by Rajesh Shukla
Remainder of title results from the national youth readership survey /
260 ## - PUBLICATION, DISTRIBUTION, ETC. (IMPRINT)
Place of publication, distribution, etc New Delhi
Name of publisher, distributor, etc National Book Trust
Date of publication, distribution, etc 2010
270 ## - ADDRESS
Address Nehru Bhawan, 5 Institutional Area, Phase II, Vasant Kunj
City New Delhi
Postal code 110070
300 ## - PHYSICAL DESCRIPTION
Extent xxvii, 151p.
Dimensions 28cm (Hb)
942 ## - ADDED ENTRY ELEMENTS (KOHA)
Source of classification or shelving scheme Dewey Decimal Classification
Item type English Books
Call number suffix SHU
Holdings
Withdrawn status Lost status Source of classification or shelving scheme Damaged status Not for loan Collection code Home library Current library Date acquired Source of acquisition Cost, normal purchase price Total Checkouts Full call number Barcode Date last seen Copy number Cost, replacement price Koha item type
    Dewey Decimal Classification   Not For Loan Non-fiction D.B.Act.Division D.B.Act.Division 04/01/2011 DBAD/PUB 550.00   SHU EN-85419 04/01/2011 1 550.00 English Books

© Delhi Public Library
Hit Counter
free hit counter